Normal view MARC view
  • Constructing Excellence in the Built Environment

Entry Corporate Name

Number of records used in: 13

001 - CONTROL NUMBER

  • control field: 4925

003 - CONTROL NUMBER IDENTIFIER

  • control field: SIRSI

005 - DATE AND TIME OF LATEST TRANSACTION

  • control field: 20190806150238.0

008 - FIXED-LENGTH DATA ELEMENTS

  • fixed length control field: 060511n| aaannaabn |n ana d

040 ## - CATALOGING SOURCE

  • Original cataloging agency: OSt
  • Transcribing agency: OSt

110 2# - HEADING--CORPORATE NAME

  • Corporate name or jurisdiction name as entry element: Constructing Excellence in the Built Environment

670 ## - SOURCE DATA FOUND

  • Source citation: Construction projects' hidden costs, 2006